| 000 | 01012nam a22003497a 4500 | ||
|---|---|---|---|
| 001 | 0041199 | ||
| 003 | KOHA_MİRAKIL | ||
| 005 | 20260207003435.0 | ||
| 007 | ta | ||
| 008 | 131128b1983 tu |||gr||||#0|||1|tur | | ||
| 040 |
_aTR-BiSEU _btur _cTR-BiSEU _erda |
||
| 041 | 0 | _atur | |
| 044 | _ctu | ||
| 050 |
_aPQ2635 _b.R36 1983 |
||
| 100 | 1 | _aRanda, Peter. | |
| 245 | 1 |
_aUzayda dehşet tora/ _cPeter Randa ; Peter Randa ; çeviren Atilla Tokatlı. |
|
| 264 | 1 |
_aİstanbul : _bBaskan Yayınları _c1983 |
|
| 300 |
_a152 sayfa ; _c20 cm. |
||
| 336 |
_ametin _btxt _2rdacontent |
||
| 337 |
_aaracısız _bn _2rdamedia |
||
| 338 |
_acilt _bnc _2rdacarrier |
||
| 490 | 0 | _aBakkan yayınları. | |
| 490 | 0 | _a Kurgu-bilim dizisi | |
| 650 | 0 |
_aBilim kurgu. _947985 |
|
| 650 | 0 |
_aFransız romanı. _92075 |
|
| 650 | 0 |
_aScience fiction. _947986 |
|
| 650 | 0 |
_aFrench fiction. _92076 |
|
| 830 | 0 |
_aBakkan yayınları. _983166 |
|
| 830 | 0 |
_a Kurgu-bilim dizisi _983167 |
|
| 907 | _aRoman | ||
| 942 |
_2lcc _cBK |
||
| 999 |
_c45085 _d45085 |
||